000 00484nam a2200145Ia 4500
008 151015s9999 xx 000 0 und d
020 _a766845044
050 _aRA 976.G82 2005
245 _aGreen Michelle A.
250 _a_Lab Manual to Essentials of Health Information Management Principles and Practices / Michelle A. Green
300 _aCanada : Thomson , 2005
500 _aIncludes index
650 _a_Health Information Management
700 _a^d20130531 11:19:09^oanne
999 _c5041
_d5041